[Event "Cafe Campus"]
[Site "Montreal CAN"]
[Date "1982.10.01"]
[Round "1"]
[White "Bolduc, Steve"]
[Black "Forest, Charles"]
[Result "1-0"]
[WhiteElo "2159"]
[BlackElo "1769"]
[PlyCount "77"]
[GameId "2160767912811281"]
[EventDate "1982.10.01"]
[EventType "swiss"]
[EventRounds "5"]
[EventCountry "CAN"]
[SourceTitle "EXT 2022"]
[Source "ChessBase"]
[SourceDate "2021.10.06"]
[SourceVersion "1"]
[SourceVersionDate "2021.10.06"]
[SourceQuality "1"]

1. d4 Nf6 2. c4 g6 3. g3 Bg7 4. Bg2 d6 5. Nc3 O-O 6. Nf3 Nbd7 7. O-O c5 8. b3 cxd4 9. Nxd4 Nc5 10. Bb2 a5 11. Qc2 Bd7 12. h3 Qc8 13. Kh2 Nh5 14. Nd5 Qd8 15. Rad1 f5 16. Nb5 Nf6 17. Nbc7 Rc8 18. Nxf6+ Bxf6 19. Bxf6 Rxf6 20. Nd5 Rf7 21. Nf4 Bc6 22. Bd5 Bxd5 23. Rxd5 Qf8 24. Rfd1 Qh6 25. f3 Rcf8 26. Qc3 g5 27. Ng2 Rf6 28. Qxa5 Qh5 29. b4 Ne6 30. Rh1 g4 31. fxg4 Qg5 32. e4 Rh6 33. Rxf5 Qxg4 34. Rxf8+ Kxf8 35. Qf5+ Qxf5 36. exf5 Ng5 37. Nf4 e5 38. fxe6 Nxe6 39. Rf1 1-0

[Event "Cafe Campus"]
[Site "Montreal CAN"]
[Date "1982.10.01"]
[Round "1"]
[White "Coudari, Camille"]
[Black "Alain, Benoit"]
[Result "1-0"]
[WhiteElo "2388"]
[BlackElo "1872"]
[PlyCount "49"]
[GameId "2160767912811282"]
[EventDate "1982.10.01"]
[EventType "swiss"]
[EventRounds "5"]
[EventCountry "CAN"]
[SourceTitle "EXT 2022"]
[Source "ChessBase"]
[SourceDate "2021.10.06"]
[SourceVersion "1"]
[SourceVersionDate "2021.10.06"]
[SourceQuality "1"]

1. e4 c6 2. d4 d5 3. Nc3 dxe4 4. Nxe4 Nf6 5. Nxf6+ exf6 6. Nf3 Bd6 7. Be2 O-O 8. O-O Qc7 9. c4 Bg4 10. h3 Bxf3 11. Bxf3 Nd7 12. Qb3 Rfe8 13. c5 Bf8 14. g3 Rad8 15. Bf4 Qc8 16. Qc2 f5 17. Qxf5 g6 18. Qc2 Nf6 19. Bg2 Rxd4 20. Qc3 Rxf4 21. gxf4 Ne4 22. Bxe4 Rxe4 23. Rfe1 Rxf4 24. Rad1 Qf5 25. Re8 1-0

[Event "Cafe Campus"]
[Site "Montreal CAN"]
[Date "1982.10.02"]
[Round "2"]
[White "Regnier, Alain"]
[Black "Coudari, Camille"]
[Result "0-1"]
[WhiteElo "1943"]
[BlackElo "2388"]
[PlyCount "56"]
[GameId "2160767912811286"]
[EventDate "1982.10.01"]
[EventType "swiss"]
[EventRounds "5"]
[EventCountry "CAN"]
[SourceTitle "EXT 2022"]
[Source "ChessBase"]
[SourceDate "2021.10.06"]
[SourceVersion "1"]
[SourceVersionDate "2021.10.06"]
[SourceQuality "1"]

1. e4 c5 2. g3 d5 3. Bg2 dxe4 4. Nc3 f5 5. f3 exf3 6. Nxf3 Nc6 7. O-O e6 8. d3 Nf6 9. Re1 Be7 10. Ne2 O-O 11. Nf4 e5 12. Nh3 c4 13. Kh1 Ng4 14. Be3 Be6 15. Nfg5 Bd5 16. Bf3 Nxe3 17. Rxe3 Bxf3+ 18. Nxf3 Bc5 19. Re1 cxd3 20. cxd3 Qd5 21. Qb3 Qxb3 22. axb3 Rfe8 23. Rac1 Bb6 24. Kg2 Rad8 25. Rcd1 g6 26. Nhg1 Kg7 27. Ne2 Nb4 28. Nc1 Nc2 0-1

[Event "Cafe Campus"]
[Site "Montreal CAN"]
[Date "1982.10.02"]
[Round "3"]
[White "Bolduc, Steve"]
[Black "Leger, Marcel"]
[Result "1-0"]
[WhiteElo "2159"]
[BlackElo "1705"]
[PlyCount "129"]
[GameId "2160767912811287"]
[EventDate "1982.10.01"]
[EventType "swiss"]
[EventRounds "5"]
[EventCountry "CAN"]
[SourceTitle "EXT 2022"]
[Source "ChessBase"]
[SourceDate "2021.10.06"]
[SourceVersion "1"]
[SourceVersionDate "2021.10.06"]
[SourceQuality "1"]

1. d4 d5 2. c4 e6 3. Nc3 Nf6 4. Bg5 Be7 5. cxd5 exd5 6. Qc2 c6 7. e3 h6 8. Bh4 O-O 9. Bd3 Re8 10. Nf3 Nbd7 11. O-O Ne4 12. Bxe4 Bxh4 13. Bh7+ Kh8 14. Bf5 Bf6 15. b4 g6 16. Bd3 Nf8 17. b5 cxb5 18. Nxb5 Re7 19. Rfc1 Bg4 20. Ne1 a6 21. Nc3 Rc8 22. Qb3 Rec7 23. Rc2 Be6 24. Rac1 Kg7 25. Na4 Nd7 26. Nc3 Be7 27. Nf3 Bd6 28. Qb2 Qe7 29. Nb1 Rxc2 30. Rxc2 Rxc2 31. Bxc2 Nf6 32. a4 Qc7 33. Nbd2 b5 34. axb5 axb5 35. e4 dxe4 36. Nxe4 Bd5 37. Nxd6 Qxd6 38. Ne5 Nd7 39. Bd3 Nxe5 40. dxe5 Qb8 41. e6+ f6 42. e7 Bc6 43. Qd4 Qe8 44. Qd8 Kf7 45. h4 h5 46. Bc2 Kg7 47. Bb3 Bd7 48. f3 Bc6 49. Kf2 Bd7 50. g4 hxg4 51. fxg4 f5 52. Be6 Bc6 53. Qd4+ Kh7 54. Qf6 Qh8 55. g5 Be8 56. Kg3 Qg7 57. Kf4 Qh8 58. h5 Qg8 59. h6 Qh8 60. Ke5 b4 61. Kf4 b3 62. Bxb3 Qxf6 63. gxf6 Kxh6 64. f7 g5+ 65. Kxf5 1-0

[Event "Cafe Campus"]
[Site "Montreal CAN"]
[Date "1982.10.02"]
[Round "3"]
[White "Coudari, Camille"]
[Black "Gagnon, Michel"]
[Result "1/2-1/2"]
[WhiteElo "2388"]
[BlackElo "2078"]
[PlyCount "87"]
[GameId "2160767912811288"]
[EventDate "1982.10.01"]
[EventType "swiss"]
[EventRounds "5"]
[EventCountry "CAN"]
[SourceTitle "EXT 2022"]
[Source "ChessBase"]
[SourceDate "2021.10.06"]
[SourceVersion "1"]
[SourceVersionDate "2021.10.06"]
[SourceQuality "1"]

1. e4 c5 2. Nf3 Nc6 3. d4 cxd4 4. Nxd4 Nf6 5. Nc3 d6 6. Be2 e6 7. O-O a6 8. Be3 Qc7 9. f4 Be7 10. Kh1 Nxd4 11. Qxd4 O-O 12. Rad1 Nd7 13. a4 b6 14. Qc4 Qxc4 15. Bxc4 Rb8 16. f5 Ne5 17. Bb3 b5 18. axb5 axb5 19. Bd4 Rd8 20. Ne2 Nc4 21. Rf3 Bb7 22. fxe6 fxe6 23. Ng3 Rf8 24. Kg1 Bc6 25. Kf1 d5 26. e5 Bg5 27. Ke2 Bf4 28. Bxc4 dxc4 29. Rf2 Bxg3 30. hxg3 Rxf2+ 31. Kxf2 Rf8+ 32. Kg1 Bd5 33. c3 Ra8 34. Bc5 Kf7 35. g4 Kg6 36. Kf2 Rh8 37. Kg3 Rc8 38. Bd6 Ra8 39. Ba3 Ra7 40. Rh1 Rd7 41. Bc5 Be4 42. Bd6 Ra7 43. Rf1 Ra8 44. Ba3 1/2-1/2

[Event "Cafe Campus"]
[Site "Montreal CAN"]
[Date "1982.10.03"]
[Round "4"]
[White "Coudari, Camille"]
[Black "Levtchouk, George"]
[Result "1-0"]
[WhiteElo "2388"]
[BlackElo "2259"]
[PlyCount "119"]
[GameId "2160767912811289"]
[EventDate "1982.10.01"]
[EventType "swiss"]
[EventRounds "5"]
[EventCountry "CAN"]
[SourceTitle "EXT 2022"]
[Source "ChessBase"]
[SourceDate "2021.10.06"]
[SourceVersion "1"]
[SourceVersionDate "2021.10.06"]
[SourceQuality "1"]

1. e4 g6 2. d4 Bg7 3. Nc3 d6 4. Be2 a6 5. Nf3 b5 6. O-O Bb7 7. Re1 b4 8. Nd5 e6 9. Nxb4 a5 10. Nd3 Bxe4 11. Ng5 Bxd3 12. Bxd3 Nf6 13. Qf3 d5 14. Qh3 O-O 15. Nf3 Nbd7 16. Bg5 c5 17. c3 Rb8 18. Rab1 cxd4 19. cxd4 a4 20. Qh4 Qa5 21. a3 Rfc8 22. Re2 Qd8 23. Ne5 Qf8 24. Ba6 Re8 25. Rc1 Rb6 26. Bd3 Rc8 27. Qf4 Rxc1+ 28. Qxc1 Nxe5 29. dxe5 Nd7 30. Be3 Rb8 31. f4 Qd8 32. Bd4 Bf8 33. Rc2 Qa5 34. h3 Rb3 35. Bf1 Nb6 36. Kh2 Nd7 37. Rc8 Rb8 38. Qc7 Qxc7 39. Rxc7 Nb6 40. Ra7 Kg7 41. Bb5 Nc4 42. Bxc4 dxc4 43. Rxa4 Rc8 44. Kg3 h5 45. Kf3 Rc6 46. g3 Rc8 47. Ke3 Rc6 48. Ra7 Rc8 49. h4 Bc5 50. Bxc5 Rxc5 51. Kd2 Rb5 52. Kc2 Rb3 53. Rc7 Rxg3 54. Rxc4 Rg4 55. b4 Rxh4 56. b5 Rh2+ 57. Kc3 Ra2 58. Kb3 Rd2 59. b6 Rd8 60. a4 1-0

[Event "Cafe Campus"]
[Site "Montreal CAN"]
[Date "1982.10.03"]
[Round "4"]
[White "Williams, Leo"]
[Black "Bolduc, Steve"]
[Result "1-0"]
[WhiteElo "2108"]
[BlackElo "2000"]
[PlyCount "37"]
[GameId "2160767912811291"]
[EventDate "1982.10.01"]
[EventType "swiss"]
[EventRounds "5"]
[EventCountry "CAN"]
[SourceTitle "EXT 2022"]
[Source "ChessBase"]
[SourceDate "2021.10.06"]
[SourceVersion "1"]
[SourceVersionDate "2021.10.06"]
[SourceQuality "1"]

1. Nf3 d5 2. c4 c6 3. d4 Nf6 4. Nc3 dxc4 5. a4 Bg4 6. Ne5 Bh5 7. g3 e6 8. Bg2 Be7 9. a5 O-O 10. O-O Nd5 11. Nxc4 c5 12. Nxd5 exd5 13. Ne3 Nc6 14. dxc5 d4 15. Nd5 Bxc5 16. a6 Qd7 17. axb7 Qxb7 18. Nf4 Bg6 19. Nxg6 1-0

[Event "Cafe Campus"]
[Site "Montreal CAN"]
[Date "1982.10.03"]
[Round "5"]
[White "Bolduc, Steve"]
[Black "Gagnon, Michel"]
[Result "0-1"]
[WhiteElo "2159"]
[BlackElo "2078"]
[PlyCount "94"]
[GameId "2160767912811292"]
[EventDate "1982.10.01"]
[EventType "swiss"]
[EventRounds "5"]
[EventCountry "CAN"]
[SourceTitle "EXT 2022"]
[Source "ChessBase"]
[SourceDate "2021.10.06"]
[SourceVersion "1"]
[SourceVersionDate "2021.10.06"]
[SourceQuality "1"]

1. d4 Nf6 2. c4 e6 3. Nf3 d5 4. Bg5 Be7 5. Nc3 O-O 6. e3 Nbd7 7. cxd5 exd5 8. Qc2 Re8 9. Bd3 c6 10. O-O Nf8 11. Bxf6 Bxf6 12. b4 Bg4 13. Nd2 Rc8 14. Bf5 Bxf5 15. Qxf5 g6 16. Qd3 Bg7 17. Nb3 Ne6 18. Rac1 f5 19. b5 f4 20. bxc6 bxc6 21. e4 dxe4 22. Nxe4 Qd5 23. Nc3 Qd7 24. Rfd1 Red8 25. Qc4 Qf7 26. Ne4 f3 27. gxf3 Rd5 28. Rd3 Nf4 29. Rdc3 Qf5 30. Kf1 Qh3+ 31. Ke1 Qxh2 32. Kd1 Qh4 33. Kc2 Kf8 34. Rd1 Qe7 35. Qa6 Qc7 36. Qc4 Qd8 37. Rd2 Ne6 38. Rcd3 Bh6 39. Rd1 Nf4 40. Rc3 Bg7 41. Rd2 h5 42. Rd1 h4 43. Qa6 Qc7 44. Qf1 Rh5 45. Rc5 Rxc5+ 46. Nbxc5 Qf7 47. Qa6 Rd8 0-1

[Event "Cafe Campus"]
[Site "Montreal CAN"]
[Date "1982.10.03"]
[Round "5"]
[White "Williams, Leo"]
[Black "Coudari, Camille"]
[Result "1-0"]
[WhiteElo "2108"]
[BlackElo "2388"]
[PlyCount "49"]
[GameId "2160767912811294"]
[EventDate "1982.10.01"]
[EventType "swiss"]
[EventRounds "5"]
[EventCountry "CAN"]
[SourceTitle "EXT 2022"]
[Source "ChessBase"]
[SourceDate "2021.10.06"]
[SourceVersion "1"]
[SourceVersionDate "2021.10.06"]
[SourceQuality "1"]

1. e4 c5 2. Nf3 e6 3. d4 cxd4 4. Nxd4 Nf6 5. Nc3 d6 6. g4 a6 7. g5 Nfd7 8. Rg1 b5 9. a3 Nb6 10. Be3 N8d7 11. f4 Qc7 12. h4 Bb7 13. Qg4 e5 14. Nf3 Rc8 15. h5 d5 16. g6 hxg6 17. hxg6 Nf6 18. gxf7+ Qxf7 19. Qf5 Nfd7 20. Qxf7+ Kxf7 21. fxe5 Bc5 22. Ng5+ Ke7 23. Bxc5+ Nxc5 24. O-O-O Nxe4 25. Ngxe4 1-0

[Event "Candidats - Specialiste"]
[Site "Montreal CAN"]
[Date "1982.12.10"]
[Round "1"]
[White "Dupuis, Stephane"]
[Black "Bolduc, Steve"]
[Result "0-1"]
[WhiteElo "2114"]
[BlackElo "2057"]
[PlyCount "84"]
[GameId "2160767912811155"]
[EventDate "1982.12.10"]
[EventType "tourn"]
[EventRounds "4"]
[EventCountry "CAN"]

1. e4 e5 2. Nf3 Nc6 3. Nc3 Nf6 4. Bb5 Bc5 5. d3 a6 6. Bxc6 dxc6 7. Ne2 Qd6 8. Ng3 h5 9. h3 h4 10. Nf1 Be6 11. Bg5 Bb6 12. Ne3 Qb4+ 13. Qd2 Qxb2 14. O-O O-O-O 15. Bxf6 gxf6 16. a4 Bd4 17. Rfb1 Qc3 18. Qc1 Qc5 19. Nxd4 exd4 20. Ng4 Bxg4 21. hxg4 Rdg8 22. a5 Rxg4 23. Qb2 Rhg8 24. g3 Qe5 25. c3 dxc3 26. Qxb7+ Kd7 27. Qb3 Rxg3+ 28. Kf1 Rg1+ 29. Ke2 Qh5+ 30. Ke3 Qg5+ 31. Kf3 Qh5+ 32. Ke3 Rxb1 33. Rxb1 Qg5+ 34. Kf3 Qh5+ 35. Ke3 Qc5+ 36. d4 Qg5+ 37. Kf3 Qh5+ 38. Ke3 f5 39. d5 Qg5+ 40. f4 Qg3+ 41. Ke2 Qg2+ 42. Ke1 Qxe4+ 0-1

[Event "Candidats - Specialiste"]
[Site "Montreal CAN"]
[Date "1982.12.11"]
[Round "2"]
[White "Bolduc, Steve"]
[Black "Leveille, Francois"]
[Result "0-1"]
[WhiteElo "2057"]
[BlackElo "2176"]
[PlyCount "54"]
[GameId "2160767912811156"]
[EventDate "1982.12.10"]
[EventType "tourn"]
[EventRounds "4"]
[EventCountry "CAN"]

1. d4 Nf6 2. Nf3 g6 3. c4 Bg7 4. g3 O-O 5. Bg2 d6 6. O-O Nbd7 7. Nc3 e5 8. e4 exd4 9. Nxd4 Nc5 10. h3 Re8 11. Re1 c6 12. Qc2 a5 13. Bf4 Nfd7 14. Rad1 Ne5 15. b3 Qb6 16. a3 Ned3 17. Nce2 Nxe1 18. Rxe1 Nxe4 19. Bxe4 Bxd4 20. Nxd4 Qxd4 21. Bd2 d5 22. Bc3 Qc5 23. Bb2 Bf5 24. Qc3 d4 25. Qd3 Qb6 26. c5 Qxc5 27. Bxd4 Rad8 0-1

[Event "Candidats - Specialiste"]
[Site "Montreal CAN"]
[Date "1982.04.??"]
[Round "3"]
[White "Lake, Perry"]
[Black "Barbeau, Sylvain"]
[Result "0-1"]
[WhiteElo "1925"]
[BlackElo "2281"]
[PlyCount "50"]
[GameId "2160767912811157"]
[EventDate "1982.12.10"]
[EventType "tourn"]
[EventRounds "4"]
[EventCountry "CAN"]
[SourceTitle "Spechecs #6"]

1. g3 c5 2. Bg2 d5 3. d3 Nf6 4. f4 g6 5. Nf3 Bg7 6. O-O O-O 7. Nc3 d4 8. Ne4 Nxe4 9. dxe4 Nc6 10. e3 Qb6 11. exd4 cxd4 12. Kh1 Rd8 13. Ne1 Be6 14. Nd3 Nb4 15. Rf2 Rac8 16. Bf1 Rc6 17. b3 f5 18. Nxb4 Qxb4 19. Bd3 fxe4 20. Bxe4 d3 21. Bxc6 bxc6 22. c4 Bxa1 23. Bd2 Qc5 24. Qe1 Bf5 25. Rf1 Qd4 0-1

[Event "Candidats - Specialiste"]
[Site "Montreal CAN"]
[Date "1982.12.11"]
[Round "3"]
[White "Alain, Benoit"]
[Black "Bolduc, Steve"]
[Result "1/2-1/2"]
[WhiteElo "1878"]
[BlackElo "2057"]
[PlyCount "87"]
[GameId "2160767912811158"]
[EventDate "1982.12.10"]
[EventType "tourn"]
[EventRounds "4"]
[EventCountry "CAN"]

1. d4 d5 2. g3 Nf6 3. Bg2 e6 4. Nf3 Be7 5. O-O O-O 6. b3 c5 7. c3 cxd4 8. cxd4 b5 9. Bf4 Bb7 10. Qd3 Qb6 11. Nc3 a6 12. a4 b4 13. a5 Qd8 14. Na4 Qxa5 15. Rfc1 Nc6 16. Ne5 Rfc8 17. Bg5 Qd8 18. Nxc6 Rxc6 19. Nc5 Bxc5 20. dxc5 Qc7 21. Bxf6 gxf6 22. Qd4 a5 23. Qxf6 Rxc5 24. Qg5+ Kf8 25. Qh6+ Ke8 26. Rxc5 Qxc5 27. Rc1 Qe7 28. Qxh7 a4 29. bxa4 b3 30. Rb1 Qb4 31. Qg8+ Ke7 32. Qg5+ Kd7 33. Qf4 Qxf4 34. gxf4 Rxa4 35. Rxb3 Ba6 36. Bf3 Rxf4 37. Ra3 Bc4 38. Kg2 e5 39. e3 Rf6 40. Ra7+ Kd6 41. h4 d4 42. exd4 exd4 43. Ra5 d3 44. h5 1/2-1/2

[Event "Candidats - Specialiste"]
[Site "Montreal CAN"]
[Date "1982.12.11"]
[Round "4"]
[White "Bolduc, Steve"]
[Black "Lake, Perry"]
[Result "1-0"]
[WhiteElo "2057"]
[BlackElo "2159"]
[PlyCount "74"]
[GameId "2160767912811159"]
[EventDate "1982.12.10"]
[EventType "tourn"]
[EventRounds "4"]
[EventCountry "CAN"]

1. c4 Nf6 2. Nc3 g6 3. g3 Bg7 4. Bg2 O-O 5. Nf3 d6 6. d4 Nc6 7. O-O a6 8. d5 Na5 9. Nd2 c5 10. Qc2 Rb8 11. b3 b5 12. Bb2 bxc4 13. bxc4 Bh6 14. f4 e5 15. dxe6 fxe6 16. Rab1 Bg7 17. e3 d5 18. Ba3 Rxb1 19. Ncxb1 d4 20. Bxc5 Ng4 21. Bxf8 Nxe3 22. Qd3 Qxf8 23. Rf2 Qc5 24. Bf3 Bd7 25. Ne4 Qxc4 26. Qxc4 Naxc4 27. Nc5 Bc8 28. Nd2 Bf8 29. Ncb3 Bb4 30. Nxc4 Nxc4 31. Be2 Nd6 32. Bd3 Bd7 33. Bxa6 Bb5 34. Bxb5 Nxb5 35. a4 Nc3 36. a5 d3 37. a6 Nb5 1-0

[Event "Carnaval"]
[Site "Quebec CAN"]
[Date "1982.02.12"]
[Round "1"]
[White "Morin, Louis"]
[Black "Kratky, Bohumil"]
[Result "1-0"]
[WhiteElo "1944"]
[BlackElo "1670"]
[PlyCount "115"]
[GameId "2160767912848711"]
[EventDate "1982.02.12"]
[EventType "swiss"]
[EventRounds "5"]
[EventCountry "CAN"]
[SourceTitle "hb 2013"]

1. e4 Nf6 2. e5 Nd5 3. d4 d6 4. Bc4 Nb6 5. e6 Nxc4 6. exf7+ Kxf7 7. Qf3+ Ke8 8. Qh5+ g6 9. Qb5+ Qd7 10. Qxc4 Qe6+ 11. Qe2 Qxe2+ 12. Nxe2 Bf5 13. Na3 Nc6 14. d5 Nb4 15. c4 Nd3+ 16. Kf1 Bg7 17. Nb5 Kd8 18. Nbd4 Nxc1 19. Rxc1 Bh6 20. Rc3 Bg7 21. Rb3 Kd7 22. Nxf5 gxf5 23. Nf4 b6 24. Ne6 Bf6 25. g3 c6 26. Ke2 b5 27. Nf4 bxc4 28. Rb7+ Kc8 29. dxc6 Rb8 30. Rxb8+ Kxb8 31. Nd5 Rc8 32. c7+ Kb7 33. Rc1 Kc6 34. Nxf6 exf6 35. Rxc4+ Kd7 36. Ke3 d5 37. Rc5 Rxc7 38. Rxc7+ Kxc7 39. Kd4 Kc6 40. h4 h5 41. f4 a5 42. b3 Kd6 43. a3 Kc6 44. b4 a4 45. b5+ Kxb5 46. Kxd5 Kb6 47. Kc4 Kc6 48. Kb4 Kd5 49. Kxa4 Ke4 50. Kb3 Kf3 51. a4 Kxg3 52. a5 Kxh4 53. a6 Kg4 54. a7 Kxf4 55. a8=Q Kg4 56. Qg2+ Kf4 57. Kc3 h4 58. Qh3 1-0

[Event "Carnaval"]
[Site "Quebec CAN"]
[Date "1982.02.12"]
[Round "1"]
[White "Zolfaghari, Houman"]
[Black "Pouliot, Jean"]
[Result "1-0"]
[WhiteElo "1944"]
[BlackElo "1598"]
[PlyCount "73"]
[GameId "2160767912848712"]
[EventDate "1982.02.12"]
[EventType "swiss"]
[EventRounds "5"]
[EventCountry "CAN"]
[SourceTitle "Matou #15"]

1. e4 d6 2. d4 Nf6 3. Nc3 g6 4. f3 Bg7 5. Be3 c6 6. Qd2 b5 7. h4 h5 8. Nh3 Bxh3 9. Rxh3 Nbd7 10. Be2 a5 11. Kf2 Nb6 12. Rd1 Qc7 13. e5 Nfd5 14. e6 fxe6 15. Qd3 Kd7 16. Bg5 Rhg8 17. Ne4 Nc4 18. b3 Nb2 19. Qd2 Nxd1+ 20. Bxd1 b4 21. f4 Qb6 22. Rd3 Rgf8 23. Kg1 Rf7 24. g4 Rh8 25. gxh5 gxh5 26. Ng3 Nf6 27. Bf3 Nh7 28. Bxh5 Nxg5 29. hxg5 Rff8 30. Kg2 Rh7 31. Qe3 Rfh8 32. Bg4 Bf8 33. Qxe6+ Ke8 34. Qd7+ Kf7 35. Be6+ Kg7 36. Nf5+ Kg6 37. Qe8+ 1-0

[Event "Carnaval"]
[Site "Quebec CAN"]
[Date "1982.02.13"]
[Round "3"]
[White "Morin, Louis"]
[Black "Chapados, Yolain"]
[Result "1-0"]
[WhiteElo "1944"]
[BlackElo "1618"]
[PlyCount "133"]
[GameId "2160767912848715"]
[EventDate "1982.02.12"]
[EventType "swiss"]
[EventRounds "5"]
[EventCountry "CAN"]
[SourceTitle "hb 2013"]

1. e4 e6 2. d4 d5 3. e5 c5 4. c3 Nc6 5. Nf3 Qb6 6. Be2 cxd4 7. cxd4 Nh6 8. Nc3 Nf5 9. Na4 Qa5+ 10. Bd2 Bb4 11. Bc3 Bxc3+ 12. Nxc3 Qb6 13. Bb5 Bd7 14. Bxc6 Bxc6 15. Qd2 Rc8 16. O-O O-O 17. Rac1 Qd8 18. Qf4 Rc7 19. Rfe1 Ne7 20. g3 Ng6 21. Qe3 f5 22. Ne2 Qe7 23. a3 Rfc8 24. Nf4 Nxf4 25. gxf4 Be8 26. Kg2 Bc6 27. Rc3 Qe8 28. Rec1 g6 29. b4 a6 30. Nd2 Rg7 31. h4 Ra8 32. Nb3 Bb5 33. Rc7 Bc6 34. Rxg7+ Kxg7 35. Qc3 Rc8 36. Qd2 b6 37. Rc3 Bd7 38. Qc1 h5 39. Rxc8 Qxc8 40. Qxc8 Bxc8 41. Kf3 Kf7 42. Ke3 Ke7 43. Kd3 Bd7 44. Kc3 Kd8 45. Nd2 Kc7 46. Kb3 Kb7 47. Nf3 Ka7 48. Ng5 Kb7 49. Nh7 Be8 50. Nf8 Bf7 51. b5 a5 52. Ka4 Kc7 53. Nh7 Be8 54. Ng5 Bd7 55. Nf3 Kb7 56. Nd2 Ka7 57. Nb3 Kb7 58. Nxa5+ bxa5 59. Kxa5 Be8 60. a4 Bd7 61. Kb4 Be8 62. Kc5 Bd7 63. a5 Bc8 64. Kd6 Ka7 65. Kc6 Kb8 66. a6 Ka7 67. Kc7 1-0

[Event "Carnaval"]
[Site "Quebec CAN"]
[Date "1982.02.14"]
[Round "4"]
[White "Boudreau, Daniel"]
[Black "Morin, Louis"]
[Result "1/2-1/2"]
[WhiteElo "1862"]
[BlackElo "1944"]
[PlyCount "56"]
[GameId "2160767912848716"]
[EventDate "1982.02.12"]
[EventType "swiss"]
[EventRounds "5"]
[EventCountry "CAN"]
[SourceTitle "hb 2013"]

1. e4 e5 2. Nc3 Nf6 3. g3 d5 4. exd5 Nxd5 5. Bg2 Be6 6. d3 Nc6 7. Nf3 Be7 8. O-O O-O 9. Re1 Nxc3 10. bxc3 Bf6 11. Bb2 Re8 12. h3 g6 13. c4 Qd6 14. Nd2 Bg7 15. Ne4 Qd8 16. Rb1 Bc8 17. Ba1 Qe7 18. Nc3 Nd8 19. Nd5 Qd7 20. Qf3 f5 21. Re2 c6 22. Nc3 Nf7 23. h4 Qc7 24. Rbe1 Bd7 25. Qe3 Bh6 26. Qc5 Bf8 27. Qe3 Bh6 28. Qc5 Bf8 1/2-1/2

[Event "Carnaval"]
[Site "Quebec CAN"]
[Date "1982.02.14"]
[Round "5"]
[White "Morin, Louis"]
[Black "Chabot, Roland"]
[Result "1/2-1/2"]
[WhiteElo "1944"]
[BlackElo "1849"]
[PlyCount "110"]
[GameId "2160767912848718"]
[EventDate "1982.02.12"]
[EventType "swiss"]
[EventRounds "5"]
[EventCountry "CAN"]
[SourceTitle "hb 2013"]

1. e4 c5 2. c3 Nf6 3. e5 Nd5 4. d4 cxd4 5. Bc4 Qc7 6. Qe2 Nb6 7. Bd3 Nc6 8. Nf3 Nb4 9. O-O Nxd3 10. Qxd3 d5 11. cxd4 Bg4 12. b3 e6 13. Ba3 Be7 14. Rc1 Qd7 15. Bxe7 Qxe7 16. Qb5+ Qd7 17. Qxd7+ Kxd7 18. Ne1 Bf5 19. Nc3 Bg6 20. Nb5 Rhc8 21. Nd6 Rxc1 22. Rxc1 Rb8 23. Kf1 Nc8 24. Rxc8 Rxc8 25. Nxc8 Kxc8 26. Ke2 Kc7 27. Kd2 Be4 28. h4 h6 29. f3 Bb1 30. g4 a5 31. Kc3 Kc6 32. Ng2 b5 33. a3 Bh7 34. Nf4 Bg6 35. b4 a4 36. Kd2 Kd7 37. Ke3 Ke8 38. Ne2 Kd7 39. Kf4 Bd3 40. Ng3 g6 41. Ke3 Bc4 42. f4 Bb3 43. f5 Bc4 44. Kf4 Bd3 45. f6 Ke8 46. Nh1 Kf8 47. Nf2 Be2 48. Nh3 Bd1 49. Nf2 Be2 50. Nh1 Bd1 51. Ng3 Ke8 52. Nf1 Be2 53. Nd2 Bd3 54. Ke3 Bc2 55. g5 h5 1/2-1/2

[Event "Central Sask. op"]
[Site "CAN"]
[Date "1982.04.09"]
[Round "?"]
[White "Bishop, Tom"]
[Black "Andres, Henry"]
[Result "0-1"]
[WhiteElo "1725"]
[BlackElo "2061"]
[PlyCount "92"]
[GameId "2160767912848582"]
[EventDate "1982.04.09"]
[EventType "swiss"]
[EventRounds "5"]
[EventCountry "CAN"]
[SourceTitle "CFC 1982.07"]

1. Nf3 Nf6 2. c4 e6 3. g3 Be7 4. Bg2 O-O 5. O-O d5 6. cxd5 exd5 7. d4 c6 8. Nc3 b5 9. Qc2 a5 10. a4 b4 11. Nb1 Qb6 12. Nbd2 Nbd7 13. Nb3 Ba6 14. Bg5 Rfe8 15. Rfe1 h6 16. Bxf6 Bxf6 17. e4 dxe4 18. Rxe4 Rxe4 19. Qxe4 Bc4 20. Nfd2 Bd5 21. Qg4 Bxg2 22. Kxg2 Nf8 23. Nc4 Qd8 24. Qf3 Ne6 25. Ne5 Bxe5 26. dxe5 c5 27. Rd1 Qe8 28. Rd6 Rc8 29. Nxa5 Qxa4 30. Nc4 Qc2 31. Rd7 Qxc4 32. Qxf7+ Kh8 33. Re7 Qe4+ 34. Kg1 Qe1+ 35. Kg2 Qe4+ 36. Kg1 Kh7 37. Qxe6 Ra8 38. Rxg7+ Kxg7 39. Qf6+ Kg8 40. Qe6+ Kf8 41. Qxh6+ Ke8 42. Qe6+ Kd8 43. Qd6+ Kc8 44. Qxc5+ Kb7 45. f4 Qe1+ 46. Kg2 Qe2+ 0-1

[Event "Cercle de Hull"]
[Site "Hull CAN"]
[Date "1982.01.31"]
[Round "4"]
[White "Pilon, Robert"]
[Black "Godbout, Alain"]
[Result "1-0"]
[WhiteElo "1514"]
[BlackElo "1408"]
[PlyCount "107"]
[GameId "2160767912848861"]
[EventDate "1982.01.31"]
[EventType "swiss"]
[EventRounds "5"]
[EventCountry "CAN"]
[SourceTitle "Matou #14"]

1. e4 c5 2. Nf3 Nc6 3. d4 e6 4. d5 exd5 5. exd5 Qe7+ 6. Be2 Ne5 7. Nxe5 Qxe5 8. O-O Bd6 9. g3 Nf6 10. Bf4 Qxb2 11. Bxd6 Ne4 12. Qd3 Nxd6 13. Qe3+ Kd8 14. Nc3 Qb4 15. Rab1 Qd4 16. Rbd1 Qxe3 17. fxe3 g6 18. e4 Re8 19. Bf3 Nc4 20. Rf2 d6 21. Be2 Ne5 22. Nb5 Ke7 23. Nc7 Rb8 24. Nxe8 Kxe8 25. c4 b6 26. Rb1 Bd7 27. Kg2 h5 28. h3 a6 29. Bf1 Rb7 30. Rfb2 b5 31. cxb5 axb5 32. Bxb5 Bxb5 33. Rxb5 Ra7 34. Rb8+ Kd7 35. R1b7+ Rxb7 36. Rxb7+ Kc8 37. Rb1 Nc4 38. a4 Kc7 39. Re1 Kb6 40. Rb1+ Ka5 41. Rb7 Kxa4 42. Rxf7 Nd2 43. Rg7 Nxe4 44. Rxg6 Kb3 45. Kf3 Nd2+ 46. Ke3 Nc4+ 47. Ke4 Nd2+ 48. Kd3 Nf3 49. Rxd6 c4+ 50. Ke3 Ne5 51. Rb6+ Kc2 52. Kd4 Nd7 53. Rc6 Kb3 54. Rxc4 1-0

[Event "Chicoutimi op"]
[Site "Chicoutimi CAN"]
[Date "1982.03.13"]
[Round "3"]
[White "Berube, Richard"]
[Black "Bastien, Andre"]
[Result "1-0"]
[WhiteElo "1990"]
[BlackElo "1620"]
[PlyCount "75"]
[GameId "2160767912848679"]
[EventDate "1982.03.12"]
[EventType "swiss"]
[EventRounds "5"]
[EventCountry "CAN"]
[SourceTitle "CFC 1982.05"]

1. d4 e6 2. c4 Nf6 3. Nf3 Bb4+ 4. Bd2 Bxd2+ 5. Qxd2 O-O 6. Nc3 d5 7. e3 Nc6 8. a3 Na5 9. Qc2 Nxc4 10. Bxc4 dxc4 11. Ne5 a6 12. Nxc4 b5 13. Ne5 Bb7 14. O-O Qe7 15. b4 Nd7 16. f4 Nb6 17. Ne4 Nd5 18. Rf3 f5 19. Nc5 Nxb4 20. axb4 Bxf3 21. Nxf3 Qd6 22. Qb3 Qd5 23. Qxd5 exd5 24. Rxa6 Rfe8 25. Ne5 h6 26. Kf2 Kh7 27. Rc6 Ra2+ 28. Kf3 Re7 29. h4 Rb2 30. Ncd3 Rb3 31. Rc5 Rxe5 32. Nxe5 Rxb4 33. Rxc7 Rb1 34. h5 b4 35. Rb7 Kg8 36. Nd3 b3 37. Kf2 Kf8 38. Nc5 1-0